01065 a2200193 45000010006000000050017000060080041000230030015000640400040000790800066001192450080001850200022002652640034002873000023003215050375003440410008007191000049007278560095007764231420260407155713.0260407a2013 arg spa dAR-UNSa-BCEJYS aAR-UNSa-BCEJYSbspacAR-UNSa-BCEJYS a657.375xClases de balances (anuales, de prueba, social etc.)10aBalance socialpabc de una herramienta clave para la rendición de cuentas a978-987-01-1633-2 1aBuenos Aires :bErreparc2013 axv, 406 p.c21 cm. a1. Marco teórico para el análisis del balance social - 2. Principios internacionales y marcos de presentación de información económica, ambiental, social y de gobierno societario - 3. Esquemas de autoevaluación, normas de aseguramiento, normas de calidad y guías - 4. El balance social - 5. Las normas contables profesionales argentinas y el balance social aspa1 aRodríguez de Ramírez, María del Carmen41uhttps://biblioeco.unsa.edu.ar/pmb/images/libros/L126540.jpgyImagen de portadaqimage/jpeg